[Event "XXIII Torneo di Capodanno"]
[Site "Reggio nell'Emilia ITA"]
[Date "1980.12.??"]
[Round "1"]
[White "Chevaldonnet, Francois"]
[Black "Taruffi, Daniele"]
[Result "1/2-1/2"]
[WhiteElo "2375"]
[BlackElo "2345"]
[PlyCount "22"]
[EventDate "1980.12.27"]

1. d4 d5 2. Nc3 Nf6 3. Bg5 Nbd7 4. e3 e6 5. Bd3 Be7 6. Nf3 O-O 7. O-O c6 8. Qe2
h6 9. Bh4 b5 10. a3 Rb8 11. Bg3 Rb7 1/2-1/2

[Event "XXIII Torneo di Capodanno"]
[Site "Reggio nell'Emilia ITA"]
[Date "1980.12.??"]
[Round "1"]
[White "De Eccher, Stefano"]
[Black "Wagman, Stuart"]
[Result "1-0"]
[WhiteElo "2285"]
[BlackElo "2300"]
[PlyCount "85"]
[EventDate "1980.12.27"]

1. c4 Nf6 2. Nc3 g6 3. g3 Bg7 4. Bg2 O-O 5. d3 d6 6. e4 c5 7. Nge2 Nc6 8. O-O
Bd7 9. Rb1 a6 10. a3 Rb8 11. b4 cxb4 12. axb4 b5 13. cxb5 axb5 14. d4 e5 15.
dxe5 dxe5 16. Be3 Re8 17. Nd5 Bg4 18. f3 Be6 19. Nec3 Nd4 20. Bg5 Bxd5 21. Nxd5
Ne6 22. Be3 Nxd5 23. exd5 Nd4 24. f4 Nf5 25. Bc5 exf4 26. Rxf4 Ne3 27. Qd3 Nxg2
28. Kxg2 Qd7 29. Rbf1 f5 30. R4f2 Re4 31. Rd1 Rbe8 32. d6 h5 33. Ra2 f4 34. Qf3
fxg3 35. hxg3 h4 36. Ra7 Re2+ 37. Kg1 Qe6 38. Qd5 Qxd5 39. Rxd5 Re1+ 40. Kg2
R1e2+ 41. Kh3 hxg3 42. d7 Rh2+ 43. Kxg3 1-0

[Event "XXIII Torneo di Capodanno"]
[Site "Reggio nell'Emilia ITA"]
[Date "1980.12.??"]
[Round "1"]
[White "Renman, Nils-Gustaf"]
[Black "Evangelisti, Claudio R."]
[Result "1-0"]
[WhiteElo "2425"]
[BlackElo "2315"]
[PlyCount "81"]
[EventDate "1980.12.27"]

1. d4 Nf6 2. Nf3 e6 3. c4 Bb4+ 4. Bd2 Qe7 5. g3 O-O 6. Bg2 Bxd2+ 7. Qxd2 d6 8.
Nc3 e5 9. O-O Nc6 10. d5 Nb8 11. e4 a6 12. Ne1 b5 13. cxb5 axb5 14. Nd3 Bd7 15.
f4 Na6 16. b4 Rac8 17. a4 bxa4 18. b5 Nc5 19. Nxc5 dxc5 20. Rxa4 Rb8 21. Rb1
Rfe8 22. Rc4 Qd6 23. Qf2 exf4 24. gxf4 Nh5 25. e5 Qh6 26. Qh4 Bf5 27. Rd1 Bc2
28. Rd2 Bb3 29. Re4 f5 30. exf6 Nxf6 31. Qxh6 gxh6 32. Re5 Ng4 33. Rxe8+ Rxe8
34. Be4 Nf6 35. Bf5 Re3 36. d6 cxd6 37. b6 Re7 38. Rxd6 Kf7 39. Bc8 Ne8 40.
Rxh6 Kg7 41. Rc6 1-0

[Event "XXIII Torneo di Capodanno"]
[Site "Reggio nell'Emilia ITA"]
[Date "1980.12.??"]
[Round "1"]
[White "Wittmann, Walter"]
[Black "Bertok, Mario"]
[Result "1/2-1/2"]
[WhiteElo "2365"]
[BlackElo "2375"]
[PlyCount "94"]
[EventDate "1980.12.27"]

1. e4 c5 2. Nf3 Nc6 3. Bb5 g6 4. O-O Bg7 5. Re1 Nf6 6. c3 O-O 7. d4 cxd4 8.
cxd4 d5 9. e5 Ne4 10. Bxc6 bxc6 11. Nbd2 Nxd2 12. Nxd2 f6 13. exf6 Bxf6 14. Nb3
Qd6 15. Bh6 Re8 16. Qd2 Bd7 17. Bf4 e5 18. Bg3 Re7 19. Re2 Rae8 20. Rae1 Bf5
21. Nc5 Qb8 22. b4 a5 23. a3 axb4 24. axb4 Kf7 25. h4 h5 26. Qb2 Qb5 27. dxe5
Bg7 28. Qd2 Qc4 29. f3 Kg8 30. Rc1 Qb5 31. Nb3 Bh6 32. f4 Qd3 33. Qxd3 Bxd3 34.
Rd2 Bb5 35. Nd4 Rxe5 36. Nxc6 Re3 37. Kh2 Bc4 38. Na5 R3e4 39. Nxc4 dxc4 40.
Rd6 Bxf4 41. Bxf4 Rxf4 42. Rxg6+ Kh7 43. Rg5 Rxh4+ 44. Kg3 Ree4 45. b5 Rhg4+
46. Rxg4 Rxg4+ 47. Kf3 Rg5 1/2-1/2

[Event "XXIII Torneo di Capodanno"]
[Site "Reggio nell'Emilia ITA"]
[Date "1980.12.??"]
[Round "2"]
[White "Bertok, Mario"]
[Black "Chevaldonnet, Francois"]
[Result "1/2-1/2"]
[WhiteElo "2375"]
[BlackElo "2375"]
[PlyCount "28"]
[EventDate "1980.12.27"]

1. d4 Nf6 2. c4 g6 3. Nc3 Bg7 4. e4 d6 5. Be2 O-O 6. f4 c5 7. Nf3 e6 8. dxc5
dxc5 9. e5 Qxd1+ 10. Bxd1 Ne8 11. Be3 b6 12. Bc2 Bb7 13. O-O f6 14. Ne4 Nc6
1/2-1/2

[Event "XXIII Torneo di Capodanno"]
[Site "Reggio nell'Emilia ITA"]
[Date "1980.12.??"]
[Round "2"]
[White "Messa, Roberto"]
[Black "Wittmann, Walter"]
[Result "0-1"]
[WhiteElo "2265"]
[BlackElo "2365"]
[PlyCount "66"]
[EventDate "1980.12.27"]

1. e4 c5 2. d4 cxd4 3. c3 Nf6 4. e5 Nd5 5. Qxd4 e6 6. Nf3 Nc6 7. Qe4 d6 8. Nbd2
dxe5 9. Nxe5 Bd6 10. Nxc6 bxc6 11. Nc4 Bc7 12. Bd3 f5 13. Qe2 O-O 14. O-O Qh4
15. g3 Qh3 16. f4 c5 17. Rd1 Rb8 18. Ne5 c4 19. Nxc4 g5 20. fxg5 f4 21. Rf1 Bb7
22. Bxf4 Bxf4 23. Rae1 Be3+ 24. Nxe3 Nxe3 25. Rf6 Rxf6 26. gxf6 Rd8 27. Ba6 Be4
28. Bc4 Rd6 29. f7+ Kf8 30. Qf2 Ng4 31. Qe2 e5 32. Rf1 Rh6 33. b4 Qxg3+ 0-1

[Event "XXIII Torneo di Capodanno"]
[Site "Reggio nell'Emilia ITA"]
[Date "1980.12.??"]
[Round "2"]
[White "Paniagua, Roberto"]
[Black "Evangelisti, Claudio R."]
[Result "1-0"]
[WhiteElo "2250"]
[BlackElo "2315"]
[PlyCount "103"]
[EventDate "1980.12.27"]

1. d4 Nf6 2. Nf3 e6 3. c4 d5 4. Nc3 Nbd7 5. Bg5 Be7 6. Qc2 O-O 7. e3 c5 8.
O-O-O dxc4 9. Bxc4 Qa5 10. Kb1 Nb6 11. Bxf6 Bxf6 12. Ne4 cxd4 13. Nxf6+ gxf6
14. Rxd4 e5 15. Rh4 f5 16. Ng5 Nxc4 17. Qxc4 Qd8 18. f4 Be6 19. Qe2 Qd5 20.
Nxe6 Qxe6 21. fxe5 Rfe8 22. Rf1 Rad8 23. Qh5 Rd2 24. Qxh7+ Kf8 25. Qh8+ Ke7 26.
Qg7 Qg6 27. Qxg6 fxg6 28. g4 Ke6 29. Rh6 Kxe5 30. Rxg6 fxg4 31. Rxg4 Re7 32.
Rff4 Rc7 33. Re4+ Kf6 34. Rc4 Rxc4 35. Rxc4 Rxh2 36. Rc7 b6 37. Rxa7 Ke5 38.
Rb7 Rh6 39. Kc2 Rd6 40. Rh7 Ke4 41. Re7+ Kf5 42. a4 Kf6 43. Re8 Kf7 44. Re4 Kf6
45. b4 Kf5 46. Re8 Kf6 47. Kc3 Kf7 48. Re4 Rd1 49. Kc4 Rd6 50. Kb5 Kf6 51. a5
bxa5 52. Kxa5 1-0

[Event "XXIII Torneo di Capodanno"]
[Site "Reggio nell'Emilia ITA"]
[Date "1980.12.??"]
[Round "2"]
[White "Taruffi, Daniele"]
[Black "Renman, Nils-Gustaf"]
[Result "0-1"]
[WhiteElo "2345"]
[BlackElo "2425"]
[PlyCount "60"]
[EventDate "1980.12.27"]

1. e4 e6 2. d4 d5 3. Nc3 Bb4 4. e5 c5 5. a3 Bxc3+ 6. bxc3 Ne7 7. Qg4 Qc7 8.
Qxg7 Rg8 9. Qxh7 cxd4 10. Kd1 dxc3 11. Nf3 Nbc6 12. Ng5 Qxe5 13. Qxf7+ Kd7 14.
Nf3 Qh8 15. Bf4 e5 16. Nxe5+ Nxe5 17. Bb5+ Kd8 18. Bxe5 Qxe5 19. Re1 Qd4+ 20.
Bd3 Re8 21. Rb1 Bf5 22. Re3 Qg4+ 23. Ke1 Bxd3 24. Rxb7 Be4 25. Qf6 Qg6 26. Qxc3
Nc6 27. Qc5 d4 28. Re2 Kc8 29. Rb3 Kc7 30. Rg3 Qh6 0-1

[Event "XXIII Torneo di Capodanno"]
[Site "Reggio nell'Emilia ITA"]
[Date "1980.12.??"]
[Round "2"]
[White "Wagman, Stuart"]
[Black "Trois, Francisco R.T."]
[Result "1-0"]
[WhiteElo "2300"]
[BlackElo "2395"]
[PlyCount "89"]
[EventDate "1980.12.27"]

1. e4 e5 2. Nf3 Nc6 3. Bb5 a6 4. Bxc6 dxc6 5. O-O Qd6 6. d3 f6 7. Be3 c5 8.
Nbd2 Be6 9. Qe2 O-O-O 10. a3 Ne7 11. Rfb1 Nc6 12. Ne1 a5 13. c3 b6 14. b4 cxb4
15. axb4 axb4 16. Nc4 Bxc4 17. dxc4 Qe6 18. c5 Bxc5 19. Bxc5 bxc5 20. Qb5 Nb8
21. cxb4 Qc6 22. Qa5 c4 23. b5 Qb6 24. Qc3 Rd4 25. Nc2 Rxe4 26. Qh3+ Kb7 27.
Qf3 f5 28. Ne3 g6 29. Nxc4 Qd4 30. b6 Qxc4 31. bxc7+ Kxc7 32. Rc1 Nc6 33. Rxc4
Rxc4 34. Qd5 Rd4 35. Qc5 Kd7 36. h3 Rc8 37. Qc1 Rc7 38. Qh6 Ke6 39. Qf8 Rdd7
40. Ra6 Kd5 41. Qa3 Ke6 42. Qc3 Ke7 43. Rxc6 Rxc6 44. Qxc6 e4 45. Qc5+ 1-0

[Event "XXIII Torneo di Capodanno"]
[Site "Reggio nell'Emilia ITA"]
[Date "1980.12.??"]
[Round "3"]
[White "Chevaldonnet, Francois"]
[Black "Messa, Roberto"]
[Result "1/2-1/2"]
[WhiteElo "2375"]
[BlackElo "2265"]
[PlyCount "29"]
[EventDate "1980.12.27"]

1. e4 e6 2. d4 d5 3. e5 c5 4. c3 Nc6 5. Nf3 Nge7 6. Na3 cxd4 7. cxd4 Nf5 8. Nc2
Nh4 9. Nxh4 Qxh4 10. Be2 Bd7 11. O-O Rc8 12. Be3 f5 13. Qd2 Be7 14. g3 Qh3 15.
f4 1/2-1/2

[Event "XXIII Torneo di Capodanno"]
[Site "Reggio nell'Emilia ITA"]
[Date "1980.12.??"]
[Round "3"]
[White "De Eccher, Stefano"]
[Black "Paniagua, Roberto"]
[Result "1/2-1/2"]
[WhiteElo "2285"]
[BlackElo "2250"]
[PlyCount "64"]
[EventDate "1980.12.27"]

1. c4 Nf6 2. Nc3 e6 3. e4 c5 4. e5 Ng8 5. Nf3 d6 6. exd6 Bxd6 7. d4 Qe7 8. Ne4
Nf6 9. dxc5 Nxe4 10. cxd6 Qxd6 11. Qxd6 Nxd6 12. Bf4 Ke7 13. O-O-O Rd8 14. Bd3
Nc6 15. c5 Ne8 16. Bxh7 Rxd1+ 17. Kxd1 g6 18. h4 e5 19. Nxe5 Nf6 20. Nxc6+ bxc6
21. Bg5 Be6 22. h5 Rd8+ 23. Kc1 Rd5 24. f4 Rxc5+ 25. Kb1 Rxg5 26. fxg5 Nxh7 27.
hxg6 Bf5+ 28. Kc1 Bxg6 29. Rh4 Nxg5 30. Ra4 Kd6 31. Rxa7 Ne4 32. a4 c5 1/2-1/2

[Event "XXIII Torneo di Capodanno"]
[Site "Reggio nell'Emilia ITA"]
[Date "1980.12.??"]
[Round "3"]
[White "Evangelisti, Claudio R."]
[Black "Taruffi, Daniele"]
[Result "1-0"]
[WhiteElo "2315"]
[BlackElo "2345"]
[PlyCount "103"]
[EventDate "1980.12.27"]

1. d4 d5 2. c4 e6 3. Nf3 Nf6 4. Nc3 Nbd7 5. Bg5 c6 6. cxd5 exd5 7. e3 Be7 8.
Bd3 h6 9. Bf4 Nf8 10. Qc2 Ne6 11. Be5 O-O 12. h3 a5 13. Ne2 Bb4+ 14. Kf1 Bd6
15. Rc1 Bxe5 16. Nxe5 Nd7 17. Nf3 Qf6 18. Qb3 Re8 19. Kg1 Ng5 20. Nxg5 hxg5 21.
Ng3 g6 22. Qc2 Kg7 23. Nf1 Rh8 24. Nh2 Nf8 25. Be2 Bf5 26. Qb3 Qe7 27. Qc3 Nd7
28. f3 Nf6 29. Nf1 Qc7 30. Bd3 Be6 31. Qe1 Rh5 32. Qg3 Qb6 33. Rc2 Rah8 34. Rh2
Qb4 35. Qf2 Rh4 36. Rc3 Qa4 37. a3 Bf5 38. Be2 Re8 39. g4 Bd7 40. Qg3 Rh7 41.
Qd6 b5 42. b3 b4 43. bxa4 bxc3 44. Qc5 Rb8 45. Qxc3 Rhh8 46. Qc2 Rb6 47. Bd3
Rhb8 48. Qc1 Rb3 49. Rd2 Ne8 50. Kf2 f5 51. Nh2 Nd6 52. Qc5 1-0

[Event "XXIII Torneo di Capodanno"]
[Site "Reggio nell'Emilia ITA"]
[Date "1980.12.??"]
[Round "3"]
[White "Renman, Nils-Gustaf"]
[Black "Bertok, Mario"]
[Result "1/2-1/2"]
[WhiteElo "2425"]
[BlackElo "2375"]
[PlyCount "24"]
[EventDate "1980.12.27"]

1. d4 d5 2. Nf3 Nf6 3. c4 dxc4 4. e3 e6 5. Bxc4 c5 6. O-O a6 7. Nc3 b5 8. Bd3
Bb7 9. Qe2 Nbd7 10. Rd1 Qb8 11. e4 cxd4 12. Nxd4 Bd6 1/2-1/2

[Event "XXIII Torneo di Capodanno"]
[Site "Reggio nell'Emilia ITA"]
[Date "1980.12.??"]
[Round "3"]
[White "Wittmann, Walter"]
[Black "Minic, Dragoljub"]
[Result "1-0"]
[WhiteElo "2365"]
[BlackElo "2405"]
[PlyCount "63"]
[EventDate "1980.12.27"]

1. e4 c5 2. Nf3 d6 3. d4 cxd4 4. Nxd4 Nf6 5. Nc3 a6 6. Be2 e5 7. Nb3 Be7 8. O-O
O-O 9. Bg5 Nbd7 10. a4 b6 11. Bc4 Bb7 12. Qe2 Qc7 13. Rfd1 Rfc8 14. Nd2 h6 15.
Bxf6 Nxf6 16. Bb3 Qc5 17. Nc4 Qb4 18. a5 b5 19. Nb6 Bd8 20. Nxa8 Bxa8 21. Qd3
Bxa5 22. Nd5 Bxd5 23. Bxd5 Bb6 24. Rxa6 Qc5 25. Rf1 b4 26. Ra8 Rxa8 27. Bxa8
Ng4 28. Qe2 Qc8 29. Bd5 Bd4 30. b3 Qd7 31. Qa6 Qe7 32. Qc8+ 1-0

[Event "XXIII Torneo di Capodanno"]
[Site "Reggio nell'Emilia ITA"]
[Date "1980.12.??"]
[Round "4"]
[White "Bertok, Mario"]
[Black "Evangelisti, Claudio R."]
[Result "1/2-1/2"]
[WhiteElo "2375"]
[BlackElo "2315"]
[PlyCount "82"]
[EventDate "1980.12.27"]

1. c4 e6 2. g3 Nf6 3. Bg2 d5 4. Nf3 dxc4 5. Qa4+ Bd7 6. Qxc4 Bc6 7. O-O Be7 8.
Qc2 O-O 9. Nc3 Nbd7 10. d4 Bb4 11. Rd1 Qe7 12. Bf4 Bxc3 13. Qxc3 Nd5 14. Qc2
Nxf4 15. gxf4 Nf6 16. Rac1 Rfc8 17. e3 Be4 18. Qc5 Qd6 19. Ne5 Bxg2 20. Kxg2
Ne8 21. Rd3 Qd5+ 22. Qxd5 exd5 23. Rdc3 f6 24. Nd3 c6 25. a4 Nd6 26. a5 a6 27.
Nc5 Rc7 28. b3 Kf7 29. Kf3 h6 30. Rg1 Rh8 31. h4 h5 32. Kg3 Nf5+ 33. Kh3 Rh6
34. Rd3 Re7 35. Rc3 Rg6 36. Rxg6 Kxg6 37. Rc1 Kf7 38. Rc3 Ke8 39. Nd3 Kd8 40.
Nc1 Nd6 41. Kg2 Nf5 1/2-1/2

[Event "XXIII Torneo di Capodanno"]
[Site "Reggio nell'Emilia ITA"]
[Date "1980.12.??"]
[Round "4"]
[White "Messa, Roberto"]
[Black "Renman, Nils-Gustaf"]
[Result "0-1"]
[WhiteElo "2265"]
[BlackElo "2425"]
[PlyCount "68"]
[EventDate "1980.12.27"]

1. e4 e6 2. d4 d5 3. Nc3 Bb4 4. e5 Ne7 5. a3 Bxc3+ 6. bxc3 c5 7. Nf3 Bd7 8.
dxc5 Ba4 9. Rb1 Nd7 10. Rxb7 Nxc5 11. Rb4 Qa5 12. Nd4 O-O 13. Qg4 Qc7 14. f4 a5
15. Rxa4 Nxa4 16. Nb5 Qc5 17. Qh3 Rab8 18. Be3 Qc6 19. Bd3 g6 20. Nd4 Qxc3+ 21.
Kf2 Nc5 22. Rd1 Rb2 23. Kf3 Nxd3 24. Rxd3 Qe1 25. Kg4 a4 26. Qh6 Nf5 27. Nxf5
exf5+ 28. Kg5 Qa5 29. Qh3 Rxc2 30. Bd4 Rxg2+ 31. Kh6 Rg4 32. Bf2 Rc8 33. e6 Qd8
34. exf7+ Kxf7 0-1

[Event "XXIII Torneo di Capodanno"]
[Site "Reggio nell'Emilia ITA"]
[Date "1980.12.??"]
[Round "4"]
[White "Minic, Dragoljub"]
[Black "Chevaldonnet, Francois"]
[Result "1-0"]
[WhiteElo "2405"]
[BlackElo "2375"]
[PlyCount "41"]
[EventDate "1980.12.27"]

1. e4 d5 2. exd5 Nf6 3. c4 c6 4. d4 cxd5 5. Nc3 Nc6 6. Bg5 Qb6 7. cxd5 Nxd4 8.
Nf3 Nxf3+ 9. Qxf3 Bd7 10. Bc4 Rc8 11. Bb3 Qa6 12. h3 h6 13. Bf4 e6 14. dxe6
Bxe6 15. Ba4+ Nd7 16. Bb5 Rxc3 17. Bxd7+ Bxd7 18. Qxc3 Be7 19. O-O-O Qxa2 20.
Rxd7 Kxd7 21. Qc7+ 1-0

[Event "XXIII Torneo di Capodanno"]
[Site "Reggio nell'Emilia ITA"]
[Date "1980.12.??"]
[Round "4"]
[White "Paniagua, Roberto"]
[Black "Taruffi, Daniele"]
[Result "0-1"]
[WhiteElo "2250"]
[BlackElo "2345"]
[PlyCount "84"]
[EventDate "1980.12.27"]

1. d4 d5 2. c4 Bf5 3. Bg5 c6 4. Nc3 h6 5. Bh4 Qb6 6. Qd2 e6 7. c5 Qa5 8. a3 Be7
9. Bxe7 Nxe7 10. Nf3 Nd7 11. e3 O-O 12. Be2 Qc7 13. O-O Ng6 14. b4 e5 15. Rfc1
Rae8 16. b5 Bg4 17. bxc6 bxc6 18. Ne1 exd4 19. exd4 Nf6 20. Bf1 Bf5 21. Nd3 Ne4
22. Nxe4 Rxe4 23. Nb4 Nh4 24. Rc3 Rfe8 25. Nc2 R4e6 26. Nb4 Be4 27. Na6 Qc8 28.
Rg3 Bxg2 29. Bxg2 Qxa6 30. Bf1 Qb7 31. Qf4 Re4 32. Qd2 Qe7 33. Bd3 Re1+ 34.
Rxe1 Qxe1+ 35. Qxe1 Rxe1+ 36. Bf1 Nf5 37. Rd3 Re4 38. f3 Rxd4 39. Rxd4 Nxd4 40.
Kf2 Kf8 41. Ke3 Ne6 42. f4 Ke7 0-1

[Event "XXIII Torneo di Capodanno"]
[Site "Reggio nell'Emilia ITA"]
[Date "1980.12.??"]
[Round "4"]
[White "Wagman, Stuart"]
[Black "Wittmann, Walter"]
[Result "0-1"]
[WhiteElo "2300"]
[BlackElo "2365"]
[PlyCount "38"]
[EventDate "1980.12.27"]

1. e4 c5 2. Nf3 Nc6 3. d4 cxd4 4. Nxd4 Nf6 5. Nc3 d6 6. Bg5 e6 7. Qd2 Be7 8.
O-O-O O-O 9. f4 h6 10. h4 Nxd4 11. Qxd4 Qa5 12. Bc4 e5 13. Qg1 Be6 14. g4 exf4
15. Bxe6 fxe6 16. Bxh6 Rac8 17. Bxf4 Rxc3 18. Bd2 Qxa2 19. Bxc3 Nxe4 0-1

[Event "XXIII Torneo di Capodanno"]
[Site "Reggio nell'Emilia ITA"]
[Date "1980.12.??"]
[Round "5"]
[White "Chevaldonnet, Francois"]
[Black "Wagman, Stuart"]
[Result "1/2-1/2"]
[WhiteElo "2375"]
[BlackElo "2300"]
[PlyCount "41"]
[EventDate "1980.12.27"]

1. e4 c5 2. Nf3 d6 3. d4 cxd4 4. Nxd4 Nf6 5. Nc3 g6 6. Be3 Bg7 7. f3 O-O 8. Bc4
Nc6 9. Qd2 Bd7 10. h4 Rc8 11. Bb3 Ne5 12. O-O-O Nc4 13. Bxc4 Rxc4 14. h5 Nxh5
15. g4 Nf6 16. Nb3 Re8 17. Qh2 Rxc3 18. bxc3 Qc7 19. Bd4 e5 20. Be3 a5 21. g5
1/2-1/2

[Event "XXIII Torneo di Capodanno"]
[Site "Reggio nell'Emilia ITA"]
[Date "1980.12.??"]
[Round "5"]
[White "Evangelisti, Claudio R."]
[Black "Messa, Roberto"]
[Result "1-0"]
[WhiteElo "2315"]
[BlackElo "2265"]
[PlyCount "89"]
[EventDate "1980.12.27"]

1. d4 e6 2. c4 c5 3. d5 exd5 4. cxd5 d6 5. Nc3 Nf6 6. e4 g6 7. Bd3 Bg7 8. h3
O-O 9. Be3 Re8 10. a4 Nxe4 11. Nxe4 f5 12. Nxd6 Qxd6 13. Kf1 Na6 14. Nf3 Nb4
15. Bc4 b6 16. Qb3 Bb7 17. Rd1 Rad8 18. Bd2 Nxd5 19. h4 h6 20. Rh3 Re4 21. h5
g5 22. Bxg5 hxg5 23. Nxg5 Rd4 24. Re1 Bc8 25. Rhe3 Kf8 26. Nh7+ Kg8 27. Ng5 Kf8
28. Nh7+ Kg8 29. Ng5 Bh6 30. Re6 Bxe6 31. Rxe6 Bxg5 32. Rxd6 Rxd6 33. Qg3 Rxc4
34. Qxd6 Rc1+ 35. Ke2 Rc2+ 36. Kf3 Nf4 37. Qb8+ Kh7 38. Qxa7+ Kh6 39. Qxb6+
Kxh5 40. Qb3 Rd2 41. Qf7+ Ng6 42. g3 Rxb2 43. Qxf5 Kh6 44. Qxc5 Be7 45. Qc1+
1-0

[Event "XXIII Torneo di Capodanno"]
[Site "Reggio nell'Emilia ITA"]
[Date "1980.12.??"]
[Round "5"]
[White "Taruffi, Daniele"]
[Black "Bertok, Mario"]
[Result "1/2-1/2"]
[WhiteElo "2345"]
[BlackElo "2375"]
[PlyCount "25"]
[EventDate "1980.12.27"]

1. e4 c5 2. c3 d5 3. exd5 Qxd5 4. d4 e6 5. Nf3 Nf6 6. Na3 Nc6 7. Nb5 Qd8 8.
dxc5 Bxc5 9. Qxd8+ Kxd8 10. Bg5 a6 11. Rd1+ Ke7 12. Nbd4 Nxd4 13. Nxd4 1/2-1/2

[Event "XXIII Torneo di Capodanno"]
[Site "Reggio nell'Emilia ITA"]
[Date "1980.12.??"]
[Round "5"]
[White "Trois, Francisco R.T."]
[Black "Paniagua, Roberto"]
[Result "1-0"]
[WhiteElo "2395"]
[BlackElo "2250"]
[PlyCount "49"]
[EventDate "1980.12.27"]

1. Nf3 Nf6 2. c4 e6 3. g3 d5 4. Bg2 dxc4 5. Qa4+ Nbd7 6. Qxc4 c5 7. Qc2 a6 8.
O-O Rb8 9. d4 Nd5 10. e4 Nb4 11. Qe2 cxd4 12. Nxd4 Bc5 13. Be3 Qe7 14. Nc3 O-O
15. Rfd1 b5 16. Bf4 Rb6 17. Nb3 e5 18. Nxc5 Nxc5 19. Be3 Rb8 20. a3 Nc6 21. Nd5
Qd6 22. Rac1 Nd4 23. Bxd4 exd4 24. e5 d3 25. Qe3 1-0

[Event "XXIII Torneo di Capodanno"]
[Site "Reggio nell'Emilia ITA"]
[Date "1980.12.??"]
[Round "6"]
[White "De Eccher, Stefano"]
[Black "Wittmann, Walter"]
[Result "0-1"]
[WhiteElo "2285"]
[BlackElo "2365"]
[PlyCount "140"]
[EventDate "1980.12.27"]

1. c4 c5 2. Nc3 Nc6 3. g3 g6 4. Bg2 Bg7 5. Nf3 e6 6. e3 Nge7 7. O-O O-O 8. d4
cxd4 9. Nxd4 a6 10. b3 Nxd4 11. exd4 Nf5 12. Ne2 d6 13. Bb2 Rb8 14. Qd2 b5 15.
Rfd1 Qb6 16. Bc3 b4 17. Bb2 Bb7 18. a3 Bxg2 19. Kxg2 bxa3 20. Rxa3 h5 21. h3
Rb7 22. Bc3 Rfb8 23. Rda1 Qc7 24. Rxa6 Rxb3 25. R6a4 Qb7+ 26. d5 exd5 27. cxd5
Qe7 28. Bxg7 Kxg7 29. Nf4 Qf6 30. R1a2 Ne3+ 31. fxe3 Rb2 32. Rxb2 Rxb2 33. Ra2
Rxd2+ 34. Rxd2 Qc3 35. Re2 Kh6 36. h4 f6 37. Kf3 g5 38. Ng2 Qd3 39. Kf2 Qf5+
40. Kg1 Qxd5 41. e4 Qd4+ 42. Kf1 Kg6 43. Re3 Kf7 44. Kf2 Ke6 45. Ne1 Qa1 46.
Nf3 g4 47. Ne1 Qb2+ 48. Re2 Qd4+ 49. Re3 Qd2+ 50. Re2 Qd1 51. Ng2 Ke5 52. Nf4
f5 53. exf5+ Kxf5 54. Re3 d5 55. Rd3 Qc2+ 56. Ke3 Qc5+ 57. Ke2 d4 58. Nxh5 Qc2+
59. Rd2 Qe4+ 60. Kd1 Qf3+ 61. Kc2 Qc3+ 62. Kd1 Qb3+ 63. Ke2 Qe3+ 64. Kd1 d3 65.
Rb2 Ke4 66. Nf4 Qg1+ 67. Kd2 Qf2+ 68. Kc3 Qd4+ 69. Kb3 d2 70. Ne2 d1=Q+ 0-1

[Event "XXIII Torneo di Capodanno"]
[Site "Reggio nell'Emilia ITA"]
[Date "1980.12.??"]
[Round "6"]
[White "Messa, Roberto"]
[Black "Taruffi, Daniele"]
[Result "0-1"]
[WhiteElo "2265"]
[BlackElo "2345"]
[PlyCount "66"]
[EventDate "1980.12.27"]

1. e4 Nf6 2. e5 Nd5 3. d4 d6 4. Bc4 Nb6 5. Bb3 dxe5 6. Qh5 e6 7. dxe5 c5 8. Na3
Qc7 9. c4 a6 10. Nf3 Nc6 11. Bf4 g6 12. Qg4 Bg7 13. Qg3 Bd7 14. O-O Ne7 15. Bc2
Bc6 16. Rad1 O-O 17. Ng5 Rad8 18. Rd6 Nec8 19. Rdd1 Rxd1 20. Rxd1 Rd8 21. Rxd8+
Qxd8 22. h4 Qd4 23. h5 Nd7 24. hxg6 hxg6 25. Qh4 Nxe5 26. Qh7+ Kf8 27. Be3 Qg4
28. Bxc5+ Ne7 29. Bxe7+ Kxe7 30. Ne4 Bxe4 31. Bxe4 Qxe4 32. Qxg7 Qd4 33. Qh6
Qd1+ 0-1

[Event "XXIII Torneo di Capodanno"]
[Site "Reggio nell'Emilia ITA"]
[Date "1980.12.??"]
[Round "6"]
[White "Minic, Dragoljub"]
[Black "Evangelisti, Claudio R."]
[Result "1-0"]
[WhiteElo "2405"]
[BlackElo "2315"]
[PlyCount "71"]
[EventDate "1980.12.27"]

1. e4 e5 2. Nf3 Nc6 3. Bb5 a6 4. Ba4 Nf6 5. d4 exd4 6. O-O Be7 7. Re1 O-O 8. e5
Ne8 9. c3 dxc3 10. Nxc3 d6 11. exd6 Bxd6 12. Bg5 Nf6 13. Bxc6 bxc6 14. Ne4 Bf5
15. Nxf6+ gxf6 16. Nd4 fxg5 17. Nxf5 Qf6 18. Qg4 Rab8 19. Rad1 Rb5 20. Nxd6
cxd6 21. b3 Rc5 22. h4 Rd8 23. Re3 h5 24. Qxh5 gxh4 25. Rf3 Qe7 26. Qh6 Qe2 27.
Rd4 Qe1+ 28. Kh2 Qe5+ 29. Rff4 d5 30. Kh3 Rd6 31. Rg4+ Rg6 32. Rxg6+ fxg6 33.
Qxg6+ Kf8 34. Rg4 Rc3+ 35. f3 Ke7 36. Qh6 1-0

[Event "XXIII Torneo di Capodanno"]
[Site "Reggio nell'Emilia ITA"]
[Date "1980.12.??"]
[Round "6"]
[White "Paniagua, Roberto"]
[Black "Bertok, Mario"]
[Result "1/2-1/2"]
[WhiteElo "2250"]
[BlackElo "2375"]
[PlyCount "24"]
[EventDate "1980.12.27"]

1. d4 Nf6 2. Nf3 g6 3. c4 Bg7 4. Nc3 O-O 5. e4 d6 6. Be2 e5 7. O-O Nc6 8. d5
Ne7 9. Nd2 c5 10. dxc6 bxc6 11. b4 d5 12. cxd5 cxd5 1/2-1/2

[Event "XXIII Torneo di Capodanno"]
[Site "Reggio nell'Emilia ITA"]
[Date "1980.12.??"]
[Round "6"]
[White "Wagman, Stuart"]
[Black "Renman, Nils-Gustaf"]
[Result "1/2-1/2"]
[WhiteElo "2300"]
[BlackElo "2425"]
[PlyCount "54"]
[EventDate "1980.12.27"]

1. e4 e6 2. d4 d5 3. Nc3 Bb4 4. e5 c5 5. a3 Bxc3+ 6. bxc3 Ne7 7. Qg4 Qc7 8. Bd3
cxd4 9. Ne2 dxc3 10. Qxg7 Rg8 11. Qxh7 Qxe5 12. Bf4 Qf6 13. h4 Nbc6 14. Bg5 Qe5
15. f4 Qc7 16. h5 Bd7 17. h6 O-O-O 18. Qxf7 Rdf8 19. Qh5 Rh8 20. h7 Nf5 21.
Bxf5 exf5 22. Qh6 Rf7 23. Qg6 Be8 24. Bf6 Rfxh7 25. Rxh7 Qxh7 26. Qxh7 Rxh7 27.
Kf2 Bf7 1/2-1/2

[Event "XXIII Torneo di Capodanno"]
[Site "Reggio nell'Emilia ITA"]
[Date "1980.12.??"]
[Round "7"]
[White "Bertok, Mario"]
[Black "Messa, Roberto"]
[Result "1-0"]
[WhiteElo "2375"]
[BlackElo "2265"]
[PlyCount "75"]
[EventDate "1980.12.27"]

1. d4 d5 2. c4 e6 3. Nf3 c5 4. cxd5 exd5 5. g3 Nc6 6. Bg2 Nf6 7. O-O Be7 8. Nc3
O-O 9. Bg5 c4 10. Ne5 Be6 11. b3 Qa5 12. Na4 Rfd8 13. Bxf6 gxf6 14. Nxc6 bxc6
15. e3 Rac8 16. Qh5 c5 17. dxc5 Bxc5 18. Nxc5 Qxc5 19. Rfd1 c3 20. Rac1 c2 21.
Rd2 Qa5 22. Rcxc2 Rxc2 23. Rxc2 Qe1+ 24. Bf1 d4 25. Qe2 Qa1 26. Rd2 d3 27. Qd1
Qxd1 28. Rxd1 d2 29. f3 a5 30. Bb5 Bf5 31. e4 Bc8 32. Kf2 f5 33. Ke3 fxe4 34.
fxe4 Bb7 35. Rxd2 Rxd2 36. Kxd2 Bxe4 37. Ke3 Bb1 38. a4 1-0

[Event "XXIII Torneo di Capodanno"]
[Site "Reggio nell'Emilia ITA"]
[Date "1980.12.??"]
[Round "7"]
[White "Chevaldonnet, Francois"]
[Black "De Eccher, Stefano"]
[Result "1/2-1/2"]
[WhiteElo "2375"]
[BlackElo "2285"]
[PlyCount "35"]
[EventDate "1980.12.27"]

1. e4 c5 2. Nf3 d6 3. d4 cxd4 4. Nxd4 Nf6 5. Nc3 g6 6. Be3 Bg7 7. f3 O-O 8. Bc4
Nc6 9. Qd2 Bd7 10. h4 Qa5 11. Bb3 Rfc8 12. O-O-O Ne5 13. Kb1 Nc4 14. Bxc4 Rxc4
15. Nb3 Qd8 16. h5 Nxh5 17. g4 Nf6 18. Qh2 1/2-1/2

[Event "XXIII Torneo di Capodanno"]
[Site "Reggio nell'Emilia ITA"]
[Date "1980.12.??"]
[Round "7"]
[White "Evangelisti, Claudio R."]
[Black "Wagman, Stuart"]
[Result "1/2-1/2"]
[WhiteElo "2315"]
[BlackElo "2300"]
[PlyCount "41"]
[EventDate "1980.12.27"]

1. d4 Nf6 2. c4 g6 3. Nc3 d5 4. Nf3 Bg7 5. e3 O-O 6. cxd5 Nxd5 7. Qb3 Nb6 8.
Be2 Nc6 9. O-O e5 10. d5 Ne7 11. e4 c6 12. a4 cxd5 13. a5 Nc4 14. Bg5 b5 15.
Bxe7 Qxe7 16. Qxb5 dxe4 17. Nxe4 Nd6 18. Qc6 Qb7 19. Qxb7 Nxb7 20. Bc4 Nd8 21.
Rfd1 1/2-1/2